000 00697 a2200193 4500
003 Nust
005 20170207153259.0
020 _a0-8368-0049-4
040 _cNust
082 _a610.9
100 _aBarbara Behm
245 _aThe Story of Medicine
_cBarbara Behm
260 _aUSA
_bGareth stevens children,s books
_c1992
300 _a64p
505 _aHealth And Medicine (Page-4), Medicine In Ancient Times (Page-10), Medieval Medicine (Page-16), Scientific Beginnings (Page-22), A Time Of Progress (Page-30), Medicine Today (Page-38), Medicine In Other Places (Page-48), Medicine In The Future (Page-56).
538 _aAlmirah No.28 Shelf No.3
600 _aBarbara Behm
650 _aMedicine
942 _2ddc
_cBK
999 _c183203
_d183203